header

Multilingual aspects of speech sound disorders in children (Record no. 190972)

MARC details
000 -LEADER
fixed length control field 01672nam a2200385 a 4500
082 04 - DEWEY DECIMAL CLASSIFICATION NUMBER
Classification number 618.92855
245 00 - TITLE STATEMENT
Title Multilingual aspects of speech sound disorders in children
260 ## - PUBLICATION, DISTRIBUTION, ETC. (IMPRINT)
Place of publication Bristol, England ;
-- Buffalo, N.Y. :
Name of publisher Multilingual Matters,
Year of publication c2012.
300 ## - PHYSICAL DESCRIPTION
Number of Pages xxix, 289 p. :
Other physical details ill.
490 1# - SERIES STATEMENT
Series statement Communication disorders across languages ;
505 0# - FORMATTED CONTENTS NOTE
Formatted contents note pt. 1. Foundations -- pt. 2. Multilingual speech acquisition -- pt. 3. Speech-language pathology practice.
650 #0 - SUBJECT ADDED ENTRY--TOPICAL TERM
Topical Term Speech disorders in children.
Topical Term Bilingualism in children.
Topical Term Multilingual persons.
700 1# - ADDED ENTRY--PERSONAL NAME
Personal name McLeod, Sharynne.
Personal name Goldstein, Brian.
856 40 - ELECTRONIC LOCATION AND ACCESS
Uniform Resource Identifier http://site.ebrary.com/lib/rucke/Doc?id=10558922

No items available.

© 2026 Rongo University
Contact us: librarian | system librarian | Rongo university